000 00629cam a22002053a 4500
001 38544
003 PGUSA
005 20140828083841.0
008 120110s2012||||xxu|||||s|||||000 | eng d
040 _aPGUSA
_beng
042 _adc
100 1 _aJust, Gustav
245 1 0 _aLife of Luther :
_bwith several introductory and concluding chapters from general church history
_h[electronic resource] /
_cGustav Just
260 _bProject Gutenberg,
_c2012
506 _aPublic domain in the USA.
516 _aElectronic text
830 0 _aProject Gutenberg
_v38544
856 4 0 _uhttp://www.gutenberg.org/ebooks/38544
942 _cEB
999 _c267798
_d267798